Hackers Wanted (Record no. 352127)
[ view plain ]
| 000 -LEADER | |
|---|---|
| fixed length control field | 00722nam a2200133Ia 4500 |
| 008 - FIXED-LENGTH DATA ELEMENTS--GENERAL INFORMATION | |
| fixed length control field | 171212s9999 xx 000 0 und d |
| 020 ## - INTERNATIONAL STANDARD BOOK NUMBER | |
| International Standard Book Number | 9780833085009 |
| 100 ## - MAIN ENTRY--PERSONAL NAME | |
| Personal name | Libicki, Martin C.;Senty, David;Pollak, Julia |
| 245 ## - TITLE STATEMENT | |
| Statement of responsibility, etc | Libicki, Martin C.;Senty, David;Pollak, Julia |
| Title | Hackers Wanted |
| Remainder of title | An Examination of the Cybersecurity Labor Market |
| 260 ## - PUBLICATION, DISTRIBUTION, ETC. (IMPRINT) | |
| Name of publisher, distributor, etc | RAND Corporation |
| Date of publication, distribution, etc | 2014 |
| 650 ## - SUBJECT ADDED ENTRY--TOPICAL TERM | |
| Topical term or geographic name as entry element | Military assistance, American -- Evaluation; Security sector -- International cool. Computer crimes -- Prevention; Cyber intelligence (Computer security); Cyberspace -- Security measures; Professions -- Supply and demand; Computer hackers |
| 650 ## - SUBJECT ADDED ENTRY--TOPICAL TERM | |
| Topical term or geographic name as entry element | Political Science |
| 856 ## - ELECTRONIC LOCATION AND ACCESS | |
| Uniform Resource Identifier | <a href="http://www.jstor.org/stable/10.7249/j.ctt7zvzmj">http://www.jstor.org/stable/10.7249/j.ctt7zvzmj</a> |
| Withdrawn status | Lost status | Damaged status | Home library | Current library | Date acquired | Total Checkouts | Full call number | Date last seen | Price effective from | Koha item type |
|---|---|---|---|---|---|---|---|---|---|---|
| College Library | College Library | 12/12/2017 | HV6773 | 12/12/2017 | 12/12/2017 | Curriculum - Based eBooks |